1900-ik Évi Törvények Gyüjteménye Jegyzetekkel És Magyarázatokkal

Bibliographic Details
Format: Book
Language:Hungarian
PhysicalDescription:277 strán, 2 nečíslované strany 21 cm
Published: Budapest Lampel Róbert (Wodianer F. és Fiai) Cs,. És Kir. Udvari Könyvkereskedésének Kiadása 1900
Subjects:

MARC

LEADER 00000nam a2200000 4500
001 vtls012158743
003 SK-MaSNL
005 20260302025544.0
008 230119s1900 hu 0 0n0 hun
015 |a SNBHFA 
040 |a SNKHF  |b slo  |c SNKHF  |e rda 
041 0 |a hun 
044 |a hu  |c HU 
072 7 |a 34  |x Právo  |2 konspekt 
080 |a 34  |2 2011 
130 0 |a 1900-ik  |9 675006 
245 1 0 |a 1900-ik Évi Törvények Gyüjteménye  |b Jegyzetekkel És Magyarázatokkal 
264 1 |a Budapest  |b Lampel Róbert (Wodianer F. és Fiai) Cs,. És Kir. Udvari Könyvkereskedésének Kiadása  |c 1900 
264 3 |a Budapest  |b Nyomatott Wodianer F. és Fiainál  |c 1900 
300 |a 277 strán, 2 nečíslované strany  |c 21 cm 
336 |a text  |b txt  |2 rdacontent 
337 |a bez média  |b n  |2 rdamedia 
338 |a zväzok  |b nc  |2 rdacarrier 
546 |a Maďarčina  |b Antikva 
561 |a Exlibris: Szepes-Görgői Könyvtár.  |5 SNK IC 146048 
561 |a Okrúhla pečiatka: Szepes-Görgö.  |5 SNK IC 146048 
650 0 7 |a právo  |2 SNKPH  |9 976 
655 7 |a zbierky  |2 SNKPH  |9 70533 
710 2 |a Knižnica Čákiovcov (Spišský Hrhov, Slovensko)  |4 fmo  |9 261844 
752 |a Maďarsko  |d Budapešť 
852 |a snk  |b Historické fondy  |p IC 146048 
958 |a DF 
958 |a ONDV 
999 |c 1044613  |d 1046543 
952 |t SG 47/91  |a SNK  |b SNK  |c SNK_HF  |y PREZ  |7 0  |p 17A1485933  |o snkIC 146048  |i snk2023/1100  |8 5  |0 0  |1 0  |4 0  |d 2023-01-19  |l 0  |r 2026-02-24 14:35:51  |w 2026-02-24